000 00912cab a2200265 4500
001 ABS58050
008 090401t1997 xxu||||| |||| 00| 0 eng d
035 _a(Sirsi) u82753
041 _aeng
100 _aBrett, A.
245 _aEnd of the quick fix
260 _c1997
350 _a0
490 _aEstates Gazette
_v(9750) 13 December 1997, 34(1)
520 _aWarns against the `quick-fix` selling of company property to show healthy profits, when the "Financial reporting exposure draft 17" (FRED 17) becomes a full accounting standard, eliminating most of such returns being shown in the profit and loss account at all.
650 _aCOMPANY ACCOUNTS
650 _aCOMPANY PROFITS
650 _aFINANCIAL REPORTING
650 _aFIXED ASSETS
650 _aFRED 17
650 _aPROPERTY SALES
690 _aPROPERTY-PROPERTY FINANCE AND INVESTMENT
942 _n0
948 _c17/12/1997
999 _c52264
_d52264